Statistiques concernant 📖 150 premiers mots "Ça peut pas rater!" Legardinier

Cliquez ici pour prendre le quiz!

Statistiques générales

  • Ce quiz a Ă©tĂ© pris 17 fois
  • Le rĂ©sultat moyen est 113 sur 150

Statistiques - réponses

Mots% Correct
Ă 
100%
A
100%
ai
100%
au
100%
C'
100%
c'
100%
ce
100%
D'
100%
d'
100%
dans
100%
de
100%
est-
100%
est
100%
et
100%
fait
100%
froid.
100%
Il
100%
j'
100%
J'
100%
jamais
100%
Je
100%
je
100%
l'
100%
la
100%
lĂ  ?
100%
le
100%
m'
100%
n'
100%
n' ...
100%
ne
100%
pas
100%
plus
100%
Qu'
100%
que
100%
suis
100%
un
100%
une
100%
des
93%
du
93%
En
93%
en
93%
ĂŞtre,
93%
fais
93%
les
93%
moi
93%
mon
93%
oĂą
93%
profond
93%
qui
93%
nuit,
86%
peu
86%
sans
86%
soir,
86%
sur
86%
vais.
86%
cette
79%
ci,
79%
heure-
79%
tĂŞte.
79%
tĂŞte
79%
y
79%
mains
71%
coup
64%
doute
64%
marche
64%
savoir
64%
dehors.
57%
poches.
57%
années
43%
faire
43%
moins
43%
seule
43%
frais.
36%
sortie
36%
surtout
36%
air
29%
beau
29%
début
29%
Ă©paules
29%
habitude,
29%
long
29%
Pourtant,
29%
canal
21%
connais
21%
humide.
21%
inciter
14%
moindre
14%
réalité,
14%
VoilĂ 
14%
chaleur.
7%
duquel
7%
Ă©tincelle
7%
fouiller
7%
frissonne
7%
proximité
7%
rentrer
7%
risque
7%
détecte
0%
ère
0%
errant.
0%
espèce
0%
glaciaire
0%
hivernale
0%
météo
0%
surgelé
0%

Distribution des résultats

Percentile par nombre de réponses

% des personnes avec chaque résultat

Votre développement - résultats

Vous n’avez pas pris ce quiz